000 00370ntaaa2200157 4500
003 01
005 20251027201601.0
008 0714s1973 ag 01
040 _aAR-BaBN
_bspa
_cAR-BaBN
_eaacr
_dRIC
082 _a230.0000 N338
100 _aNeal, C. I.
_914476
245 _aColumnas de ortodoxĂ­a
250 _a1 ed. :
_bs.l.,
_c1938
650 _aTeologĂ­a
942 _cBK
999 _c10445
_d10445